000 00330nam a2200133Ia 4500
005 20260328101440.0
008 260328s9999||||xx |||||||||||||| ||und||
100 _aHuyghe, Rene
245 0 _aEl Arte y el Mundo Moderno - Vol. 1 (1880-1920) /
_cRene Huyghe
260 _bPlaneta
300 _a392 p.
650 _aARTE
942 _cBK
999 _c8236
_d8236